Peces ophidiiformes del Atlántico Occidental tropical con especial énfasis en el mar Caribe colombiano (Registro nro. 16240)
[ vista simple ]
| 000 -CABECERA | |
|---|---|
| Campo de control | 006130000a22001930004500 |
| 090 ## - CLASIFICACIÓN LOCAL | |
| Colección | AS |
| Consecutivo | SERIADAS |
| 041 0# - IDIOMA | |
| Código de idioma para texto/pista de sonido o título separado | |
| 041 0# - IDIOMA | |
| Código de idioma para texto/pista de sonido o título separado | |
| 044 ## - PAÍS DE PUBLICACIÓN | |
| País de publicación | |
| 100 1# - ASIENTO PRINCIPAL--NOMBRE PERSONAL | |
| Nombre personal | Garrido Linares, Manuel |
| 245 10 - MENCION DE TITULO | |
| Título | Peces ophidiiformes del Atlántico Occidental tropical con especial énfasis en el mar Caribe colombiano |
| 651 #4 - ASIENTO SECUNDARIO DE MATERIA - NOMBRE GEOGRAFICO | |
| -- | Colombia |
| -- | Mar Caribe |
| 700 1# - ASIENTO SECUNDARIO - NOMBRE PERSONAL | |
| Nombre personal | Acero P., Arturo |
| 773 1# - Item fuente: | |
| Título | Biota Colombiana |
| Descripción física | 2 |
| Paginas del Articulo | 283-299 |
| Lugar, editorial y fecha de publicación | 2006 |
| Información sobre la relación | 7 |
| 942 ## - ELEMENTOS ADICIONALES (KOHA) | |
| Tipo de ítem | Artículo |
No hay ítems disponibles.